000 00510nam a2200193 a 4500
001 1774863791228
003 YourLibrary
005 20260330151549.0
008 260330s2002##################000#0#eng##
020 _a9780198208266
082 0 4 _a351.4109032
_bAYL
100 1 _aAylmer, G. E.,
_eauthor.
245 1 0 _aThe Crown's Servants :
260 _bOxford University Press on Demand,
_c2002.
300 _a303 pages
650 0 _aHistory.
942 _cENGLISH
040 _aYourLibrary
_beng
_cYourLibrary
999 _c618180
_d618180